Work analysis /

Bibliographic Details
Main Author: Johnson, Stanley
Other Authors: Ogilvie, Grant
Format: Book
Language:English
Published: London : Butterworths, 1972.
Subjects:

MARC

Tag First Indicator Second Indicator Subfields
LEADER 00000cam a2200000 4500
001 in00000330521
005 20151011052508.0
008 730426s1972 enkak b 00110 eng
010 |a  73152258  
015 |a B72-25357 
020 |a 0408703660 
020 |a 0408703679 (pbk.) 
035 |a (OCoLC)00628513 
035 |9 ABL3795AM 
037 |c 3.90 
040 |a DLC  |c DLC  |d TXA  |d UtOrBLW 
049 |a TXAM  |c [1239429] 
050 0 0 |a T60  |b .J63 
082 0 |a 658.5/42 
100 1 |a Johnson, Stanley. 
245 1 0 |a Work analysis /  |c [by] Stanley Johnson [and] Grant Ogilvie. 
264 1 |a London :  |b Butterworths,  |c 1972. 
300 |a 8 unnumbered pages, 168 pages, 2 unnumbered pages :  |b illustrations (including 2 color), forms. ;  |c 23 cm. 
336 |a text  |b txt  |2 rdacontent 
337 |a unmediated  |b n  |2 rdamedia 
338 |a volume  |b nc  |2 rdacarrier 
504 |a Bibliography: pages 162-163. 
650 0 |a Work measurement. 
650 0 |a Methods engineering. 
700 1 |a Ogilvie, Grant. 
999 |a MARS 
999 f f |s 3042b1c6-6162-3caf-b8dd-6e1469024528  |i dc418633-3063-3a58-a131-61bea9ad8d5c  |t 0 
952 f f |p normal  |a Texas A&M University  |b College Station  |c Sterling C. Evans Library  |d Evans: Library Stacks  |t 0  |e T60 .J63  |h Library of Congress classification  |i unmediated -- volume  |m A14805272057 
998 f f |a T60 .J63  |t 0  |l Evans: Library Stacks